00872nam a2200229 i 4500001000700000003000700007005001700014008004100031080002600072245008300098260003900181300002200220490002000242500001500262504003400277600005200311700004000363830002800403852006900431999001900500952012300519185094SpMaBN20230906222339.0160321s1944 sp |||| |bspa d a929 Napoleón (44) I00aEstela literaria de Napoleón / c[seleccionador] Pablo Beltrán de Heredia. aMadrid : bAtlas, c1944 (fDiana) a223 p. ; c19 cm.1 aCisneros ; v95 aÍndices. aBibliografía: p. [221]-223.07aNapoleón bI c, Emperador de Francia.9849101 aBeltrán de Heredia, Pablo.9273580 aCisneros ; v959182327 aES-MaACLjL-30275 z- enc. cart. z. - Donat. Carmen Zumárraga c185094d185094 00104070aATENEOMbATENEOMcDEPO2d2016-03-21eDONl0oL-30275p1194963r2023-02-23 00:00:00w2023-02-23yMONOGRAFIA